[Event "enzoiazo"]
[Site "http://www.queenalice.com/game.php?id=338959"]
[Date "2008.1.19"]
[Round "1"]
[White "fabrice8989"]
[Black "pouet49"]
[Result "0-1"]
[WhiteElo "1908"]
[BlackElo "2037"]

1. d4 Nf6 2. Bg5 e6 3. e4 h6 4. Bxf6 Qxf6 5. e5 Qd8 6. a3 d5 7. c4 c5 8. Nf3
dxc4 9. Bxc4 Nc6 10. d5 exd5 11. Qxd5 Qxd5 12. Bxd5 Be6 13. Bxe6 fxe6 14. Nbd2
Be7 15. O-O Rf8 16. Rfe1 Rd8 17. h3 Rf5 18. g4 Rf4 19. Kg2 Nd4 20. Rac1 c4 21.
Nxd4 Rdxd4 22. Nf3 Rd3 23. Re3 Rd7 24. Kg3 g5 25. Rcc3 b5 26. h4 Rd1 27. hxg5
hxg5 28. b3 Kd7 29. bxc4 bxc4 30. Re2 Kc6 31. Nd2 Rg1+ 32. Kh2 Rgxg4 33. f3 Rh4+
34. Kg3 Rd4 35. Ne4 Kd5 36. Nf6+ Bxf6 37. exf6 Rhf4 0-1

[Event "YouLoseSorry"]
[Site "http://www.queenalice.com/game.php?id=339137"]
[Date "2008.1.19"]
[Round "3"]
[White "patrick"]
[Black "fabrice8989"]
[Result "0-1"]
[WhiteElo "1460"]
[BlackElo "1833"]

1. e4 e5 2. Nf3 d6 3. d4 Nc6 4. h4 Bg4 5. Nc3 Bxf3 6. Qxf3 Nxd4 7. Qg4 Nxc2+ 8.
Kd1 Nf6 9. Qf3 Nxa1 10. Bb5+ c6 11. Ba4 b5 12. Bb3 Nxb3 13. axb3 b4 14. Ne2 d5
15. exd5 Qxd5+ 16. Kc2 Bc5 17. Rd1 Qxf3 18. gxf3 Bxf2 19. f4 e4 20. Nd4 Rd8 21.
Nf5 g6 22. Ng7+ Ke7 23. f5 e3 24. Rd3 e2 25. Re3+ Bxe3 26. Bxe3 e1=Q 27. Bd2
Rxd2# 0-1

[Event "Challenge"]
[Site "http://www.queenalice.com/game.php?id=341730"]
[Date "2008.1.23"]
[Round "-"]
[White "Mike36bh"]
[Black "fabrice8989"]
[Result "0-1"]
[WhiteElo "1726"]
[BlackElo "1821"]

1. d4 d5 2. Nc3 Bg4 3. h3 Bf5 4. Bf4 e6 5. a3 c6 6. Nf3 Nd7 7. e3 Qb6 8. b4 Ngf6
9. Bd3 a5 10. Na4 Qd8 11. b5 Bxd3 12. Qxd3 Nb6 13. Nxb6 Qxb6 14. a4 cxb5 15.
axb5 Bb4+ 16. c3 Bd6 17. Bxd6 Qxd6 18. O-O Ke7 19. c4 dxc4 20. Qxc4 Rhc8 21. Qd3
Kf8 22. e4 Qb4 23. Rab1 Qc3 24. Qe2 a4 25. Ra1 a3 26. Ra2 Qc4 27. Qxc4 Rxc4 28.
e5 Nd5 29. Rfa1 Rca4 30. Rc1 b6 31. Nd2 Rxd4 32. Nb3 Rd3 33. Rc4 Rxb3 34. Kh2
Nc3 35. Rc2 a2 36. Rc1 Nb1 37. Rc6 a1=Q 38. Rxb6 Qxe5+ 39. g3 Qd4 0-1

[Event "Challenge"]
[Site "http://www.queenalice.com/game.php?id=341961"]
[Date "2008.1.24"]
[Round "-"]
[White "Luke1416"]
[Black "fabrice8989"]
[Result "0-1"]
[WhiteElo "1523"]
[BlackElo "1811"]

1. e4 e5 2. Nf3 Nc6 3. a3 Bc5 4. Be2 Qf6 5. O-O d6 6. b4 Bd4 7. Nxd4 Nxd4 8. c3
Nxe2+ 9. Qxe2 Ne7 10. Bb2 Ng6 11. d4 Nf4 12. Qf3 Nh3+ 13. gxh3 Qxf3 14. Nd2 Qe2
15. Nc4 Bxh3 16. Rfe1 Qg4+ 17. Kh1 Qg2# 0-1

[Event "Challenge"]
[Site "http://www.queenalice.com/game.php?id=344527"]
[Date "2008.1.28"]
[Round "-"]
[White "Luke1416"]
[Black "fabrice8989"]
[Result "0-1"]
[WhiteElo "1607"]
[BlackElo "1875"]

1. e4 e5 2. Nf3 Nc6 3. c3 Nf6 4. d3 h6 5. Be2 Bc5 6. b4 Be7 7. O-O d5 8. exd5
Qxd5 9. c4 Qe6 10. a3 O-O 11. b5 Nd4 12. Nxd4 exd4 13. Bb2 Bd6 14. Bxd4 Bxh2+
15. Kxh2 Qd6+ 16. g3 Qxd4 17. Nd2 Ng4+ 18. Bxg4 Bxg4 19. Nf3 Qd7 20. Ne5 Bxd1
21. Nxd7 Be2 22. Rfe1 Rfe8 23. Ra2 Bxd3 24. Rc1 Rad8 25. Nc5 Re5 26. Nxb7 Be4
27. Nxd8 Rh5+ 0-1

[Event "Challenge"]
[Site "http://www.queenalice.com/game.php?id=344581"]
[Date "2008.1.29"]
[Round "-"]
[White "Gera"]
[Black "fabrice8989"]
[Result "0-1"]
[WhiteElo "1754"]
[BlackElo "1842"]

1. d4 d5 2. c4 Bf5 3. Nc3 c6 4. e3 Nf6 5. Nf3 Nbd7 6. Bd2 Ne4 7. cxd5 Nxc3 8.
bxc3 cxd5 9. Bb5 a6 10. Ba4 e6 11. O-O b5 12. Bc2 Be4 13. Bxe4 dxe4 14. Ne1 Bd6
15. Nc2 Qh4 16. g3 Qg5 17. Qe1 O-O 18. f3 Qg6 19. Qf2 exf3 20. Ne1 Nf6 21. Nxf3
Ne4 22. Qe2 Rac8 23. Qe1 Rc4 24. Kg2 Ra4 25. Nh4 Qh5 26. Nf3 Qd5 27. Kg1 Rxa2
28. Rxa2 Qxa2 29. Qe2 Nxc3 30. Rf2 Nxe2+ 0-1

[Event "Challenge"]
[Site "http://www.queenalice.com/game.php?id=348060"]
[Date "2008.2.3"]
[Round "-"]
[White "enzoiazolevrai"]
[Black "fabrice8989"]
[Result "1/2-1/2"]
[WhiteElo "1821"]
[BlackElo "1880"]

1. d4 d5 2. Nf3 c5 3. e3 cxd4 4. exd4 Nc6 5. Bf4 Bg4 6. Be2 Bxf3 7. Bxf3 e6 8.
O-O Bd6 9. Qd2 Bxf4 10. Qxf4 Qb6 11. Nd2 Qxd4 12. Qc7 Nge7 13. Qxb7 Rb8 14. Nb3
Rxb7 15. Nxd4 Nxd4 16. Bg4 Nxc2 17. Rac1 Rc7 18. Bd1 Ne3 19. Rxc7 Nxf1 20. Kxf1
f6 21. Ba4+ Kf7 22. Rxa7 Rb8 23. b3 e5 24. Bc6 Ke6 25. Ra6 Kd6 26. Ba4+ Kc7 27.
Ra7+ Rb7 28. Ra5 h5 29. Ke2 h4 30. g3 g5 31. gxh4 gxh4 32. Ra8 Ng6 33. Ra5 Rb4
34. Rxd5 Nf4+ 1/2-1/2

[Event "YouLoseSorry-2"]
[Site "http://www.queenalice.com/game.php?id=351032"]
[Date "2008.2.8"]
[Round "1"]
[White "fabrice8989"]
[Black "zegan13"]
[Result "1/2-1/2"]
[WhiteElo "1863"]
[BlackElo "2165"]

1. e4 e6 2. d4 d5 3. Nd2 dxe4 4. Nxe4 Nd7 5. Nf3 Ngf6 6. Nxf6+ Nxf6 7. c3 Be7 8.
Bd3 O-O 9. Bg5 b6 10. Bxf6 Bxf6 11. Qc2 Kh8 12. Be4 Rb8 13. Rd1 Qe7 14. O-O c5
15. Rfe1 cxd4 16. Nxd4 Bxd4 17. Rxd4 e5 18. Bd5 f6 19. Rh4 f5 20. Rd4 Bb7 21.
Bxb7 Rxb7 22. Rd5 e4 23. f3 Qf6 24. Qf2 exf3 25. Qxf3 f4 26. Re4 Rbf7 27. a4 Kg8
28. Rdd4 g5 29. Re1 Re7 30. Qd5+ Kg7 31. Rxe7+ Qxe7 32. Re4 Qd8 33. Qe6 Rf7 34.
Re1 h6 35. Qe2 1/2-1/2

[Event "Challenge"]
[Site "http://www.queenalice.com/game.php?id=354983"]
[Date "2008.2.15"]
[Round "-"]
[White "Luke1416"]
[Black "fabrice8989"]
[Result "0-1"]
[WhiteElo "1592"]
[BlackElo "1923"]

1. e4 e5 2. Nf3 Nc6 3. Bb5 a6 4. Bxc6 dxc6 5. O-O Bg4 6. b3 Qf6 7. h3 Bxf3 8.
Qxf3 Qxf3 9. gxf3 Ne7 10. d3 c5 11. f4 exf4 12. Bxf4 Nc6 13. a3 Nd4 14. Bxc7 Rc8
15. c3 Nxb3 16. Ra2 Rxc7 17. Rd1 Bd6 18. d4 cxd4 19. cxd4 Rc4 20. e5 Bc7 21. Rb2
Rxd4 22. Rxd4 Nxd4 23. Rxb7 Kd7 24. Nc3 Rb8 25. Rxb8 Bxb8 26. f4 Ke6 27. Kg2 h5
28. Kg3 f6 29. exf6 gxf6 30. Ne4 Ne2+ 31. Kf3 Nxf4 32. Nf2 a5 33. h4 Kf5 34. Kg3
Nd3+ 35. Kf3 Nxf2 36. Kxf2 Kg4 37. Ke3 a4 38. Kd3 Bd6 39. Kc3 Bxa3 40. Kc4 f5
41. Kb5 f4 42. Kxa4 Bf8 43. Kb3 f3 44. Kc4 f2 45. Kd3 f1=Q+ 0-1

[Event "Challenge"]
[Site "http://www.queenalice.com/game.php?id=355157"]
[Date "2008.2.16"]
[Round "-"]
[White "fabrice8989"]
[Black "enzoiazolevrai"]
[Result "0-1"]
[WhiteElo "1908"]
[BlackElo "1782"]

1. e4 e6 2. d4 d5 3. e5 c5 4. c3 Nc6 5. Bb5 Ne7 6. Bg5 Bd7 7. Qa4 Qc7 8. Nf3 a6
9. Bxc6 Bxc6 10. Qc2 Nf5 0-1

[Event "Fait pas chaud ce matin"]
[Site "http://www.queenalice.com/game.php?id=355991"]
[Date "2008.2.17"]
[Round "-"]
[White "chapichapo"]
[Black "fabrice8989"]
[Result "0-1"]
[WhiteElo "1803"]
[BlackElo "1880"]

1. e4 e5 2. Nf3 Nc6 3. Bc4 Nf6 4. c3 Bc5 5. d3 d6 6. h4 Bb6 7. Ng5 O-O 8. a4 Bg4
9. f3 Bd7 10. b4 a5 11. b5 Ne7 12. g4 c6 13. h5 d5 14. bxc6 bxc6 15. Bb3 Qc7 16.
Nd2 h6 17. Nh3 Rab8 18. Qe2 Rfe8 19. Nf1 Qd6 20. Ng3 Nh7 21. Nf5 Nxf5 22. gxf5
Rb7 23. Rg1 Bxg1 24. Nxg1 Qc5 25. Qg2 Qxc3+ 26. Ke2 Rxb3 27. Kf1 Qxa1 28. Ne2
Rb1 29. f6 Rxc1+ 30. Kf2 Nxf6 31. Nxc1 Qxc1 0-1

[Event "AUTO-INT-684"]
[Site "http://www.queenalice.com/game.php?id=357319"]
[Date "2008.2.19"]
[Round "2"]
[White "Phil_Corrigan"]
[Black "fabrice8989"]
[Result "0-1"]
[WhiteElo "1776"]
[BlackElo "1939"]

1. e4 e5 2. Nc3 Bc5 3. f4 exf4 4. d4 Bb4 5. Nf3 Bxc3+ 6. bxc3 g5 7. Bc4 Nf6 8.
Bxf7+ Kxf7 9. Nxg5+ Ke8 10. e5 Rg8 11. Bxf4 Qe7 12. O-O Ng4 13. Qxg4 Qg7 14.
Qh5+ Qg6 15. Qxh7 Nc6 16. Rf2 Ne7 17. Raf1 b6 18. Bc1 Ba6 19. Re1 Bc4 20. Ba3
Qxg5 21. Bxe7 Qxe7 22. Qh5+ Kd8 23. h4 Kc8 24. Qf3 c6 25. Qh3 Bxa2 26. Qd3 Kb7
27. c4 Rg4 0-1

[Event "AUTO-INT-684"]
[Site "http://www.queenalice.com/game.php?id=357320"]
[Date "2008.2.19"]
[Round "2"]
[White "fabrice8989"]
[Black "Phil_Corrigan"]
[Result "0-1"]
[WhiteElo "1948"]
[BlackElo "1767"]

1. d4 d5 2. c4 c6 3. Bf4 Nf6 4. e3 g6 5. c5 Bg7 6. Be5 Nbd7 7. Nf3 Nxe5 8. Nxe5
Nd7 9. f4 f6 10. Nxd7 Bxd7 11. Bd3 O-O 12. Nc3 e5 13. O-O Qe7 14. Ne2 Bg4 15. h3
Bxe2 16. Qxe2 Rae8 17. Qf2 exf4 18. exf4 Qe3 19. Rad1 f5 20. Bc2 Bf6 21. g3 Re7
22. Kg2 Rfe8 23. Qxe3 Rxe3 0-1

[Event "AUTO-INT-684"]
[Site "http://www.queenalice.com/game.php?id=357321"]
[Date "2008.2.19"]
[Round "2"]
[White "juim"]
[Black "fabrice8989"]
[Result "0-1"]
[WhiteElo "1748"]
[BlackElo "1914"]

1. a4 e5 2. h3 d5 3. Nf3 e4 4. Nd4 Bc5 5. e3 Bxd4 6. exd4 Nf6 7. Be2 Nc6 8. O-O
Nxd4 9. c3 Nxe2+ 10. Qxe2 O-O 11. b3 Re8 12. a5 Nd7 13. Qh5 Nf6 14. Qh4 h6 15.
Bb2 c5 16. c4 d4 17. Ba3 b6 18. Re1 Bb7 19. d3 exd3 20. Nd2 Qd6 21. Rad1 bxa5
22. Bc1 Re2 23. Nf3 Bxf3 24. gxf3 Rb8 25. Bf4 Qe6 26. Bxb8 Rxe1+ 27. Rxe1 Qxe1+
28. Kg2 d2 29. Qh5 Nxh5 0-1

[Event "AUTO-INT-684"]
[Site "http://www.queenalice.com/game.php?id=357322"]
[Date "2008.2.19"]
[Round "2"]
[White "fabrice8989"]
[Black "juim"]
[Result "1-0"]
[WhiteElo "1935"]
[BlackElo "1684"]

1. d4 d5 2. c4 dxc4 3. Nf3 h6 4. e4 Be6 5. d5 Bg4 6. Bxc4 Qd6 7. Qa4+ Nd7 8. e5
Qg6 9. e6 fxe6 10. Qxd7+ Kxd7 11. Ne5+ Kd6 12. Nxg6 Rh7 13. Nc3 exd5 14. Bxd5 e6
15. Bf4+ Kd7 16. Bxb7 Rb8 17. Ne5+ Kd8 18. Nc6+ Ke8 19. Nxb8 Nf6 20. f3 Bf5 21.
Ne4 Nxe4 22. fxe4 Bxe4 23. Bxe4 Rh8 24. O-O g5 25. Be5 Bc5+ 26. Kh1 Rg8 27. Bc6+
Ke7 28. Nd7 h5 29. Nxc5 g4 30. Rad1 Rg5 31. Rd7+ Ke8 32. Rg7+ 1-0

[Event "ça va un peu mieux !"]
[Site "http://www.queenalice.com/game.php?id=358471"]
[Date "2008.2.21"]
[Round "-"]
[White "fabrice8989"]
[Black "chapichapo"]
[Result "1-0"]
[WhiteElo "1893"]
[BlackElo "1856"]

1. d4 Nf6 2. Nf3 g6 3. Bg5 Bg7 4. Bxf6 Bxf6 5. e4 c5 6. dxc5 Bxb2 7. c3 Bxa1 8.
Nd4 Qa5 9. Qc2 Qxc5 10. Nb3 Bxc3+ 11. Nxc3 Qc7 12. Qd2 a5 13. Nd5 Qe5 14. f4
Qxe4+ 15. Kf2 a4 16. Nc5 Qf5 17. Qd4 e5 18. Qc3 Nc6 19. Bd3 Qg4 20. Nf6+ 1-0

[Event "Gera"]
[Site "http://www.queenalice.com/game.php?id=359871"]
[Date "2008.2.24"]
[Round "1"]
[White "mauricio_sm"]
[Black "fabrice8989"]
[Result "1-0"]
[WhiteElo "1677"]
[BlackElo "1941"]

1. e4 e5 2. Nf3 Nc6 3. d3 Bc5 4. Nc3 h6 5. g3 d6 6. Bg2 Bg4 7. O-O Nd4 8. h3
Bxf3 9. Bxf3 Nxf3+ 10. Qxf3 Qd7 11. Be3 Bxe3 12. Qxe3 Qxh3 13. Nd5 O-O-O 14.
Qxa7 b6 15. Qxc7# 1-0

[Event "Gera"]
[Site "http://www.queenalice.com/game.php?id=359881"]
[Date "2008.2.24"]
[Round "2"]
[White "fabrice8989"]
[Black "yanpom"]
[Result "1-0"]
[WhiteElo "1908"]
[BlackElo "1901"]

1. d4 d5 2. c4 dxc4 3. Nf3 e6 4. e3 Nf6 5. Bxc4 Bb4+ 6. Bd2 Bxd2+ 7. Nbxd2 O-O
8. e4 Nbd7 9. Qc2 b6 10. Rc1 Bb7 11. O-O c5 12. e5 Nd5 13. Qe4 Rb8 14. Qg4 Ne7
15. Bd3 f5 16. exf6 Nxf6 17. Qxe6+ Kh8 18. dxc5 Bd5 19. Qe3 Re8 20. Bb5 Nc6 21.
Qf4 Rf8 22. Qd6 Bxf3 23. Nxf3 Na5 24. Qxd8 Rfxd8 25. c6 Rbc8 26. c7 Rd5 27. Ba6
1-0

[Event "enzoiazo"]
[Site "http://www.queenalice.com/game.php?id=367586"]
[Date "2008.3.8"]
[Round "2"]
[White "aragats"]
[Black "fabrice8989"]
[Result "0-1"]
[WhiteElo "1859"]
[BlackElo "1926"]

1. e4 e5 2. Nf3 Nc6 3. Bc4 Nf6 4. d3 Bc5 5. Be3 Bxe3 6. fxe3 O-O 7. Nc3 d6 8. d4
exd4 9. exd4 Nxe4 10. Nd5 Be6 11. O-O Na5 12. Qd3 Nxc4 13. Qxc4 c6 0-1